000 00334 a2200157 4500
001 48216
020 _a9788599993750
040 _cAnchieta - Aquarius
100 _aHora, Daniela da.
240 1 0 _aTerra azul
_lpor
245 1 0 _aTerra azul
300 _a32
362 0 _a2017
650 4 _aLiteratura infanto-juvenil
942 _cBK
999 _c48216
_d48216